| 000 | 01446nam a2200349 c 4500 | ||
|---|---|---|---|
| 999 |
_c206953 _d206953 |
||
| 003 | BLK | ||
| 005 | 20241120144702.0 | ||
| 008 | 180411b bul|||||r ||||||| ||bul|| | ||
| 010 | _aKNG00216704000 | ||
| 020 | _a978-954-474-787-9 | ||
| 040 | _aBLK | ||
| 041 |
_aBUL _cBUL |
||
| 080 |
_aНемска литература _b821.112.2 _x-93-91 _z821.112.2-93-91 |
||
| 139 |
_aПръстенът на нибелунга _bП 92 |
||
| 245 | 1 | 0 |
_aПръстенът на нибелунга _bКн. 1 - _cпо либретото на Рихард Вагнер; текст Елена Павлова; ил. Петър Георгиев Станимиров. _nКн. 4 _pЗалезът на Боговете |
| 257 | _aDEU | ||
| 260 |
_c2014 - _fЗа том: София : Симолини-94 |
||
| 300 | _c31 см | ||
| 380 | _aDX | ||
| 653 | _aадаптирани книги | ||
| 700 | 1 |
_aПавлова, Елена _eтекст _9365123 |
|
| 700 | 1 |
_aСтанимиров, Петър Георгиев _eил. _9379033 |
|
| 700 | 1 |
_aВагнер, Рихард _eпо либретото на _944950 |
|
| 760 | 1 |
_dКибеа, 2017 _h136 с. : с цв. ил. _tКн. 4 Залезът на Боговете |
|
| 852 |
_aЦб ІІ 20385 _cДХ 820/899/П 92 |
||
| 856 | 4 | _qpdf | |
| 856 | 4 | _qpdf | |
| 942 |
_cKNG _n0 _08 |
||
| 944 |
_aCR _c08.03.2018 _k30537 _lГрета Цуфелде |
||
| 944 |
_aED _c14.03.2018 _kГеновева_Генчева |
||
| 999 | _d206953 | ||